[Event "57.SMM B Naturns-Team Sparkasse"]
[Site "?"]
[Date "2025.11.15"]
[Round "2.4"]
[White "Nägele, Raimund"]
[Black "Stivaletta, Andrea"]
[Result "1/2-1/2"]
[WhiteElo "1716"]
[BlackElo "1726"]
[PlyCount "56"]
[EventDate "2025.??.??"]

{[%evp 0,56,25,23,34,32,24,0,14,12,15,16,16,-20,-9,-8,6,10,12,6,16,22,16,20,20,21,34,51,64,47,46,49,67,55,72,71,77,43,44,36,35,28,48,25,37,21,32,9,2,21,28,34,29,-7,-6,-10,-6,-17,0]} 1. d4 d5 2. Nf3 Nf6 3. g3 e6 4. Bg2 Be7 5. O-O O-O 6. Nbd2 Nbd7 7. c4 c6 8. b3 b6 9. Bb2 Rb8 10. Qc2 Bb7 11. Rfd1 Re8 12. Rac1 Bd6 13. e4 dxe4 14. Nxe4 Nxe4 15. Qxe4 Nf6 16. Qc2 Qe7 17. Ne5 Qc7 18. Qe2 c5 19. Bxb7 Qxb7 20. dxc5 Bxc5 21. Nd3 Be7 22. Nf4 Rbd8 23. Rxd8 Rxd8 24. Rd1 Qe4 25. Rxd8+ Bxd8 26. Bxf6 Qxe2 27. Nxe2 Bxf6 28. Nf4 g6 1/2-1/2